Matthew Amante

Notre Dame B


Categories

History - European History030230126129.6700
History - American History030230115122.0001
020120123139.5002
Fine Arts - Auditory Fine Arts020120135137.0000
Geography1000155757.0011
Current Events02111584103.5002
Other Arts: Visual010110127127.0001
Other Science: Math010110148148.0001
Philosophy010010110110.0000
Beliefs0100107676.0001
Fine Arts - Visual Fine Arts010110145145.0000
Other Academic01115131131.0001
Science - Biology000000.0000

Buzzes

Geographyimmigrating to the United States1557
BeliefsCupid and Psyche1076
Current EventsDisney1084
Other Academicsteakhouses-584
Current EventsPortugal-5106
Philosophyabortion10110
History - American HistoryJames G. Blaine10115
Current Eventsautomotive industry10123
Walter Raleigh10123
History - American HistoryRoss Perot10124